75 Años del Inti Rayni y las Fiestas del Cusco / (Record no. 23176)

000 -CABECERA
fixed length control field 02285nam a22002297i 4500
003 - IDENTIFICADOR DEL NÚMERO DE CONTROL
control field AR-CdUCM
008 - DATOS DE LONGITUD FIJA--INFORMACIÓN GENERAL
fixed length control field 250121b20202020 pe||||| |||| 00| 0 spa d
040 ## - FUENTE DE LA CATALOGACIÓN
Agencia/entidad que catalogó originalmente la obra MUNICIPALIDAD PROVINCIAL DEL CUSCO
Entidad que transcribió la catalogación BIBLIOTECA MUNICIPAL DEL CUSCO
082 ## - NÚMERO DE LA CLASIFICACIÓN DECIMAL DEWEY
No. de Clasificación 985.61 / E49
Notacion interna E49
100 ## - ENTRADA PRINCIPAL--NOMBRE DE PERSONA
Nombre Personal
110 ## - ENTRADA PRINCIPAL--NOMBRE DE ENTIDAD CORPORATIVA
Nombre de la institución, jurisdicción como entrada principal Empresa Municipal de Festejos del Cusco- EMUFEC
9 (RLIN) 50934
245 ## - MENCIÓN DE TÍTULO
Título 75 Años del Inti Rayni y las Fiestas del Cusco /
260 ## - PUBLICACIÓN, DISTRIBUCIÓN, ETC.
Lugar de publicación, distribución, etc. Cusco :
Nombre de la editorial, distribuidor, etc. Danny's Graff
Fecha de publicación, distribución, etc. 2020
300 ## - DESCRIPCIÓN FÍSICA
Nº de Páginas Extensión 154 páginas. :
Dimensiones 25x31 cm.
505 ## - NOTA DE CONTENIDO CON FORMATO
Nota de contenido formateada La fiesta del Inti Raymi, por Cristóbal de Molina "El Cusqueño" -- Fiesta del Sol, por Miguel de Estete -- Comentarios Reales de los Incas, por Garcilaso de la Vega -- Hatun Inti Raymi, por Felipe Guamán Poma -- La gran fiesta del Raymi, por Luis A. Pardo
650 ## - PUNTO DE ACCESO ADICIONAL DE MATERIA--TÉRMINO DE MATERIA
Descriptor Inti Raymi
9 (RLIN) 9522
650 ## - PUNTO DE ACCESO ADICIONAL DE MATERIA--TÉRMINO DE MATERIA
Descriptor Fiesta del Sol
9 (RLIN) 50935
650 ## - PUNTO DE ACCESO ADICIONAL DE MATERIA--TÉRMINO DE MATERIA
Descriptor Semana del Cusco
9 (RLIN) 47138
942 ## - ELEMENTOS DE PUNTO DE ACCESO ADICIONAL (KOHA)
Fuente de clasificación
Tipo de item Libros-BMC
945 ## - PROCESAMIENTO DE INFORMACIÓN LOCAL (OCLC)
Catalogador pbjr
AAAA-MM-DD - Fecha de ingreso o modificacion 21-01-2025
Holdings
Estado de retiro (separado) Fuente de clasificación o esquema de estanterías Estado dañado Ubicación Sala donde se ubica Nombre de la colección Fecha de adquisición o compra Fuente de adquisición Costo, precio normal en soles Signatura topográfica Código de Barras Última vez visto (Koha) Tipo de ítem (Koha)
No     Sala Humanidades Sala Humanidades Book Cart 2025-01-21 Donación 50.00 985.61 / E49 SH0000016886 2025-01-21 Libros-BMC

Powered by Koha